000 01028cam a2200301 a 4500
001 523
005 20230516121104.0
008 980113s1998 nyu c 000 1 eng
020 _a0803722907
040 _aDLC
_cDLC
_dDLC
_dFISKH
_beng
050 0 0 _aPZ7.P338
_bLl 1998
082 0 0 _a823.92
_221
100 1 _aPeck, Richard,
_d1934-2018.
245 1 2 _aA long way from Chicago :
_ba novel in stories /
_cRichard Peck.
250 _a1st ed.
260 _aNew York :
_bDial Books for Young Readers,
_c1998.
300 _a148 pages ;
_c22 cm.
500 _aSequel: A year down yonder.
505 _aM
520 _aA boy recounts his annual summer trips to rural Illinois with his sister during the Great Depression to visit their larger-than-life grandmother.
521 _a750
_bLexile
521 _aM
_bRaz-Plus
650 1 _aGrandmothers
_xFiction.
650 1 _aDepressions
_y1929
_xFiction.
650 1 _aCountry life
_zIllinois
_xFiction.
906 _a7
_bcbc
_corignew
_d1
_eocip
_f19
_gy-gencatlg
942 _2ddc
_cBK
_n0
999 _c523
_d523